Laughter (Record no. 6106)

MARC details
000 -LEADER
fixed length control field 00684 a2200205 4500
005 - DATE AND TIME OF LATEST TRANSACTION
control field 20080826114232.0
008 - FIXED-LENGTH DATA ELEMENTS--GENERAL INFORMATION
fixed length control field 080826t xxu||||| |||| 00| 0 eng d
010 ## - LIBRARY OF CONGRESS CONTROL NUMBER
LC control number ENG-87172
020 ## - INTERNATIONAL STANDARD BOOK NUMBER
Terms of availability 110.00
035 ## - SYSTEM CONTROL NUMBER
System control number EN-70705
037 ## - SOURCE OF ACQUISITION
Source of stock number/acquisition DBAD / PUB
082 ## - DEWEY DECIMAL CLASSIFICATION NUMBER
Classification number 887
100 ## - MAIN ENTRY--PERSONAL NAME
Personal name Hoskot, K.S.
245 ## - TITLE STATEMENT
Title Laughter
Remainder of title the best tonic
Statement of responsibility, etc by K.S. Hoskot
260 ## - PUBLICATION, DISTRIBUTION, ETC. (IMPRINT)
Place of publication, distribution, etc Dharwad
Name of publisher, distributor, etc Mahishi Trust
Date of publication, distribution, etc 2006
270 ## - ADDRESS
Address Banashankari Kala Mantap, Shreeranga Marg
Postal code 580 001
300 ## - PHYSICAL DESCRIPTION
Extent 300 p.
Dimensions 22 cm (Pbk.)
942 ## - ADDED ENTRY ELEMENTS (KOHA)
Institution code [OBSOLETE] dpl
Koha item type English Books
Call number prefix 887 / HOS
Source of classification or shelving scheme Dewey Decimal Classification
Classification part 887
Call number suffix HOS
Holdings
Withdrawn status Lost status Damaged status Not for loan Home library Current library Date acquired Cost, normal purchase price Total Checkouts Full call number Barcode Date last seen Copy number Uniform Resource Identifier Cost, replacement price Price effective from Koha item type
        D.B.Act.Division D.B.Act.Division 26/08/2008 110.00   887 HOS EN-70705 15/09/2008 1 6542 110.00 15/09/2008 English Books

© Delhi Public Library
Hit Counter
free hit counter